Pořádek Svaté Pašie jako: I. v Květnou neděli, II. ve Veliký pátek v církvi evanjelické slovenské v Prešpurku každoročně před oltářem čtena bývá

Bibliographic Details
Format: Book
Language:Czech
PhysicalDescription:82 s. 16 cm
Published: [Spojené štáty americké] Slov. ev. luteránska synoda v Spojených štátoch amerických 1930
Edition:Páté americké vydání
Subjects:

MARC

LEADER 00000cam a2200000 a 4500
001 vtls011751263
003 SK-MaSNL
005 20260301044948.0
008 200104s1930 xxu g 000 0 cze
015 |a SNBA1930 
020 |q (viazané) 
035 |a urn:nbn:sk:snk-am00d1sy 
035 |a urn:nbn:sk:snk-am3hisb 
035 |a 3D786B17-DFAA-435B-BB9E-008D92D3FC8E 
040 |a SNK  |b slo  |c SNK  |e AACR2 
041 0 |a cze 
044 |a xxu  |c US 
072 7 |a 783  |x Cirkevná hudba. Duchovná hudba. Náboženská hudba  |2 konspekt 
072 7 |a 27-5  |x Liturgia. Kresťanské umenie a symbolika. Duchovný život  |2 konspekt 
080 |a 783.3  |2 2011 
080 |a (0:82-97)  |2 2011 
080 |a 284  |2 1981 
080 |a 27-584  |2 2011 
245 0 0 |a Pořádek Svaté Pašie jako: I. v Květnou neděli, II. ve Veliký pátek v církvi evanjelické slovenské v Prešpurku každoročně před oltářem čtena bývá 
246 3 0 |a Ve jménu Pána Ježíše toho ukřižovaného Pořádek Svaté Pašie jako: I. v Květnou neděli, II. ve Veliký pátek v církvi evanjelické slovenské v Prešpurku každoročně před oltářem čtena bývá 
250 |a Páté americké vydání 
260 |a [Spojené štáty americké]  |b Slov. ev. luteránska synoda v Spojených štátoch amerických  |c 1930  |e Pittsburgh, Pa.  |f Slavia Printing, Co. 
300 |a 82 s.  |c 16 cm 
610 2 7 |a Evanjelická cirkev a.v.  |2 SNKPH  |9 32425 
650 0 7 |a pašie  |2 SNKPH  |9 3438 
650 0 7 |a Passion music  |2 SNKPHeng  |9 352250 
650 0 7 |a duchovný život  |2 SNKPH  |9 1807 
650 0 7 |a Spiritual life  |2 SNKPHeng  |9 265583 
655 7 |a modlitby  |2 SNKPH  |9 70550 
655 7 |a Prayers  |2 SNKPHeng  |9 291214 
958 |a NT 
958 |a ONDV 
999 |c 597213  |d 599143 
952 |a SNK  |b SNK  |y PREZ  |7 0  |p 17A0907186  |o snkSD 4424  |i snk1460/39  |0 0  |1 0  |4 0  |d 2018-04-17  |f 1  |l 0  |r 2025-11-10 00:00:00  |w 2026-02-23